000 00685nam a2200205Ii 4500
003 JO-AjNU
008 230605s9999||||xx |||||||||||||| ||und||
020 _a9957-12-047-6
040 _aJO-AjNU
_bara
_erda
_cJO-AjNU
041 _aara
050 1 4 _aTD171.5 2009
100 3 _aمخلف، عارف صالح ,
_eauthor
_929698
245 0 0 _aالادارة البيئة الحماية الادارية للبيئة
264 3 1 _aعمان:دار اليازوري،2009
300 _a432ص
336 _atext
_btxt
_2rdacontent
337 _aunmediated
_bn
_2rdamedia
338 _avolume
_bnc
_2rdacarrier
650 4 _aالادارة البئية-الحماية البئية
_929699
999 _aA11681
_c15249
_d15249